Vlaggen van Landen die beginnen met S - Statistieken

Algemene statistieken
  • Deze quiz is 2.436 keer genomen
  • De gemiddelde score is 17 van 21
Antwoordstatistieken
Foto Antwoord % Correct
Spanje
99%
Saoedi-Arabië
96%
Slowakije
95%
Slovenië
94%
Servië
91%
Syrië
91%
Senegal
89%
San Marino
88%
Somalië
88%
Sri Lanka
88%
Singapore
86%
Suriname
82%
Soedan
79%
Seychellen
76%
Saint Lucia
73%
Samoa
69%
Saint Vincent en de Grenadines
68%
Sierra Leone
67%
Saint Kitts en Nevis
65%
Sao Tomé en Principe
61%
Salomonseilanden
57%
Geen overeenkomende quizzen gevonden
Scoreverdeling
Procent van Mensen met Elke Score
Percentiel versus Aantal Correcte Antwoorden
Uw Scoregeschiedenis
U heeft deze quiz nog niet genomen